000 00475nam a2200157Ia 4500
008 160316s2010 xxu||||| |||| 00| 0 eng d
082 _a346.059000
_bSAM
100 _aSamararatne Dinesha
245 _aPublic trust doctrine: The Sri Lankan version
250 _a
260 _aColombo
_bInternational Centre for Ethnic Studies
_c2010
300 _a23
_b
_c
365 _b
650 _a1. Judicial development 2. Doctrine - public trust 3. Environmental law
700 _a
_a
999 _c36388
_d36388